000 00769cam a22002771a 4500
001 7497915
003 OSt
005 20140310181641.0
008 880413s1960 enka j 000 1 eng
010 _a 61037809
015 _aGB60-13047
020 _a0440468027
035 _a(OCoLC)17784935
040 _aDLC
_cMoU-St
_dUk
_dDLC
042 _apremarc
050 0 0 _aPZ 7
_b.B711 1960
082 _aKF
_bB64p 1960
100 1 _aBond, Michael.
_95153
245 1 0 _aPaddington helps out /
_cby Michael Bond ; with drawings by Peggy Fortnum.
260 _aNew York :
_bDell Publishing Co. Inc,
_cc1960.
300 _a127 p. :
_bill. ;
_c21 cm.
541 _j1
562 _e1
906 _a7
_bcbc
_coclcrpl
_du
_encip
_f19
_gy-gencatlg
942 _2lcc
_cBK-KF
_kKF
999 _c807
_d807